[Event "ECU-ch U18 Girls"]
[Site "Riobamba"]
[Date "2023.04.12"]
[Round "1"]
[White "Villagomez Muenala, Saya Emily"]
[Black "Santander Ojeda, Naidely Fernanda"]
[Result "1/2-1/2"]
[WhiteElo "1327"]
[BlackElo "1007"]
[PlyCount "76"]
[EventDate "2023.04.12"]
[EventType "swiss"]
[EventRounds "9"]
[EventCountry "ECU"]
[SourceTitle "EXT 2024"]
[Source "ChessBase"]
[SourceDate "2023.10.10"]
[SourceVersion "1"]
[SourceVersionDate "2023.10.10"]
[SourceQuality "1"]

1. e4 e5 2. Nf3 Nc6 3. d4 d6 4. dxe5 dxe5 5. Qxd8+ Kxd8 6. c3 f6 7. Be3 Bd6 8. Nbd2 Be6 9. Bc4 Bxc4 10. Nxc4 Nge7 11. Rd1 Nc8 12. 0-0 Ke7 13. Nh4 g6 14. f4 exf4 15. Bxf4 Bc5+ 16. Kh1 Nb6 17. Ne3 Ne5 18. Nd5+ Nxd5 19. Rxd5 Bd6 20. Nf3 Nxf3 21. Bxd6+ cxd6 22. Rxf3 Rad8 23. Kg1 Rhf8 24. c4 Ke6 25. Rfd3 b6 26. b4 Ke7 27. Ra3 Rd7 28. Rad3 Rfd8 29. g4 g5 30. Rh3 Ke6 31. Rhd3 a6 32. Kf2 h6 33. Ke2 Ke7 34. Rh3 Rh8 35. Rhd3 Rhd8 36. Ra3 Ra7 37. Rh3 Rh8 38. Rhd3 Rd7 1/2-1/2

[Event "Las Americas Team op U2400 Hybrid"]
[Site "Internet"]
[Date "2022.05.14"]
[Round "4.2"]
[White "Rodriguez, Fabian"]
[Black "Villagomez Muenala, Saya Emily"]
[Result "1/2-1/2"]
[WhiteElo "1496"]
[BlackElo "1257"]
[PlyCount "38"]
[EventDate "2022.05.14"]
[EventType "team-swiss"]
[EventRounds "5"]
[EventCountry "VEN"]
[SourceTitle "EXT 2023"]
[Source "ChessBase"]
[SourceDate "2022.10.05"]
[SourceVersion "1"]
[SourceVersionDate "2022.10.05"]
[SourceQuality "1"]

1. d4 Nf6 2. c4 g6 3. Nc3 d5 4. Nf3 Bg7 5. cxd5 Nxd5 6. e4 Nxc3 7. bxc3 c5 8. Be3 0-0 9. h3 Nc6 10. Bc4 Qc7 11. Rc1 a6 12. 0-0 b5 13. Bd5 Bb7 14. Qe2 e6 15. Bb3 c4 16. Bc2 Ne7 17. Rfd1 Rad8 18. Bg5 f6 19. Bf4 Qxf4 1/2-1/2

[Event "South American-ch U12 Girls"]
[Site "Santiago de Chile"]
[Date "2016.12.03"]
[Round "4.10"]
[White "Villagomez Muenala, Saya Emily"]
[Black "Mamani, Anahi"]
[Result "0-1"]
[WhiteElo "1238"]
[BlackElo "1653"]
[PlyCount "88"]
[EventDate "2016.12.01"]
[EventType "swiss"]
[EventRounds "9"]
[EventCountry "CHI"]
[SourceTitle "EXT 2022"]
[Source "ChessBase"]
[SourceDate "2021.10.06"]
[SourceVersion "1"]
[SourceVersionDate "2021.10.06"]
[SourceQuality "1"]

1. e4 c5 2. d4 cxd4 3. Qxd4 Nc6 4. Qd1 g6 5. Nf3 Bg7 6. Nc3 Nf6 7. Bd3 0-0 8. 0-0 d6 9. Bd2 a6 10. Qc1 b5 11. a3 Bb7 12. Re1 Rc8 13. b4 Nd7 14. Rb1 Nxb4 15. axb4 Bxc3 16. Bxc3 Rxc3 17. Qg5 e6 18. Qe3 Qf6 19. Qa7 Rc7 20. Qe3 Rfc8 21. Qd2 Ne5 22. Nxe5 Qxe5 23. f4 Qd4+ 24. Qe3 Qxe3+ 25. Rxe3 Rc3 26. Kf2 Kf8 27. g4 d5 28. e5 d4 29. Re2 Ra3 30. f5 Ke7 31. fxg6 fxg6 32. h4 Rf8+ 33. Kg3 Rf3+ 34. Kh2 Ra2 35. h5 Rxd3 36. hxg6 hxg6 37. Rbe1 Rc3 38. Rc1 Bf3 39. Rf2 Bxg4 40. Rg1 Raxc2 41. Rxc2 Rxc2+ 42. Rg2 Rxg2+ 43. Kxg2 d3 44. Kf1 d2 0-1